[Event "Heusenstamm Sparkassen op-B 6th"]
[Site "Heusenstamm"]
[Date "2019.11.24"]
[Round "6"]
[White "Dietl, Harald"]
[Black "Friedel, Thomas"]
[Result "1/2-1/2"]
[WhiteElo "1792"]
[BlackElo "1631"]
[PlyCount "47"]
[EventDate "2019.11.21"]
[EventType "swiss"]
[EventRounds "7"]
[EventCountry "GER"]
[SourceTitle "CBM 194 Extra"]
[Source "ChessBase"]
[SourceDate "2020.03.31"]
[SourceVersion "1"]
[SourceVersionDate "2020.03.31"]
[SourceQuality "1"]

1. e4 e5 2. Nf3 d6 3. d4 exd4 4. Nxd4 Nf6 5. Nc3 Be7 6. Bf4 0-0 7. Bc4 Nc6 8. Qd2 Nxd4 9. Qxd4 c6 10. 0-0-0 b5 11. Bb3 c5 12. Qd3 c4 13. Bxc4 bxc4 14. Qxc4 Be6 15. Qe2 Qa5 16. a3 Rfd8 17. Rhe1 Rac8 18. Qb5 Qc7 19. e5 Ne8 20. Qe2 Rb8 21. exd6 Bxd6 22. Bxd6 Nxd6 23. Qe5 Qb6 24. Na4 1/2-1/2

[Event "Heusenstamm Sparkassen op-B 6th"]
[Site "Heusenstamm"]
[Date "2019.11.23"]
[Round "5"]
[White "Ketting, Douwe"]
[Black "Dietl, Harald"]
[Result "0-1"]
[WhiteElo "1534"]
[BlackElo "1792"]
[PlyCount "66"]
[EventDate "2019.11.21"]
[EventType "swiss"]
[EventRounds "7"]
[EventCountry "GER"]
[SourceTitle "CBM 194 Extra"]
[Source "ChessBase"]
[SourceDate "2020.03.31"]
[SourceVersion "1"]
[SourceVersionDate "2020.03.31"]
[SourceQuality "1"]

1. b4 d6 2. Bb2 e5 3. e3 Nf6 4. c4 Be7 5. Nf3 0-0 6. d4 exd4 7. exd4 d5 8. c5 Re8 9. Be2 c6 10. 0-0 Bg4 11. Nbd2 Nbd7 12. h3 Bh5 13. Ne5 Bxe2 14. Qxe2 Nxe5 15. dxe5 Nd7 16. f4 b6 17. cxb6 Qxb6+ 18. Kh1 Bxb4 19. Nf3 h6 20. Qc2 Bf8 21. Rab1 Qa6 22. Nd4 c5 23. Nf5 d4 24. Qb3 Rab8 25. Qd5 Nb6 26. Qf3 Qxa2 27. Ba3 Qe6 28. Qg4 g6 29. Nxh6+ Bxh6 30. Qxe6 Rxe6 31. Bxc5 Rd8 32. Rbd1 d3 33. Bd6 Nc4 0-1

[Event "Karl Mala Memorial op 11th"]
[Site "Frankfurt"]
[Date "2008.06.29"]
[Round "6"]
[White "Dittmann, Moritz"]
[Black "Dietl, Harald"]
[Result "1-0"]
[WhiteElo "2084"]
[BlackElo "1889"]
[PlyCount "77"]
[EventDate "2008.06.26"]
[EventType "swiss"]
[EventRounds "7"]
[EventCountry "GER"]
[SourceTitle "CBM 125 Extra"]
[Source "ChessBase"]
[SourceDate "2008.09.01"]
[SourceVersion "1"]
[SourceVersionDate "2008.09.01"]
[SourceQuality "1"]

1. e4 c5 2. Nf3 d6 3. d4 cxd4 4. Nxd4 Nf6 5. Nc3 g6 6. Be3 Bg7 7. f3 0-0 8. Qd2 Nc6 9. 0-0-0 d5 10. exd5 Nxd5 11. Nxc6 bxc6 12. Bd4 e5 13. Bc5 Re8 14. Ne4 f5 15. Ng5 Bf6 16. h4 h6 17. Nh3 Kg7 18. g3 Be6 19. Bc4 Qc8 20. Nf2 Rd8 21. Qe2 a5 22. Rhe1 Qb7 23. f4 e4 24. Bd4 Bxd4 25. Rxd4 Rdb8 26. Nd1 h5 27. b3 a4 28. Ne3 axb3 29. cxb3 Nc3 30. Qb2 Nxa2+ 31. Kb1 Kf7 32. Bxe6+ Kxe6 33. Rd6+ Kxd6 34. Qe5+ Kd7 35. Rd1+ Kc8 36. Qe6+ Kc7 37. Qe5+ Kb6 38. Nc4+ Ka7 39. Qc5+ 1-0

[Event "Nuremberg Zabo op 08th"]
[Site "Nuremberg"]
[Date "2006.09.24"]
[Round "5"]
[White "Roeckl, Adelbert"]
[Black "Dietl, Harald"]
[Result "0-1"]
[WhiteElo "1470"]
[BlackElo "1614"]
[PlyCount "80"]
[EventDate "2006.09.22"]
[EventType "swiss"]
[EventRounds "5"]
[EventCountry "GER"]
[SourceTitle "EXT 2018"]
[Source "ChessBase"]
[SourceDate "2017.10.13"]
[SourceVersion "1"]
[SourceVersionDate "2017.10.13"]
[SourceQuality "1"]

1. d4 Nf6 2. Nf3 g6 3. c4 Bg7 4. Nc3 d6 5. e4 0-0 6. Be3 e5 7. dxe5 dxe5 8. Qxd8 Rxd8 9. Nd5 Nxd5 10. cxd5 f5 11. Bc4 Kf8 12. Rd1 h6 13. Bc5+ Ke8 14. exf5 gxf5 15. 0-0 c6 16. Ba3 b5 17. Bb3 Bb7 18. dxc6 Nxc6 19. Bc5 Ne7 20. Nh4 Bc8 21. Bf7+ Kxf7 22. Rxd8 Nc6 23. Rd2 Bf6 24. Nf3 Be6 25. b3 e4 26. Ne1 Be5 27. Nc2 a5 28. Rfd1 a4 29. bxa4 Rxa4 30. a3 Bf4 31. Ne3 Be5 32. g3 Bc3 33. Rd6 Ne5 34. Bb4 Bxb4 35. axb4 Rxb4 36. Rb6 Nd3 37. Rd2 Rb1+ 38. Kg2 Ne1+ 39. Kf1 Nf3+ 40. Ke2 Re1# 0-1

[Event "Nuremberg LGA Cup 3rd"]
[Site "Nuremberg"]
[Date "2006.09.10"]
[Round "6.60"]
[White "Dietl, Harald"]
[Black "Weissmann, Peter"]
[Result "1-0"]
[WhiteElo "1578"]
[BlackElo "1712"]
[PlyCount "63"]
[EventDate "2006.09.07"]
[EventType "swiss"]
[EventRounds "7"]
[EventCountry "GER"]
[SourceTitle "EXT 2022"]
[Source "ChessBase"]
[SourceDate "2021.10.06"]
[SourceVersion "1"]
[SourceVersionDate "2021.10.06"]
[SourceQuality "1"]

1. e4 c5 2. Nf3 Nc6 3. d4 cxd4 4. Nxd4 d6 5. c4 Nf6 6. Nc3 g6 7. Be2 Bg7 8. Nxc6 bxc6 9. Bf3 Nd7 10. 0-0 Ne5 11. Be2 Be6 12. Qa4 0-0 13. Be3 Qc7 14. Rac1 Rfb8 15. Rc2 a5 16. b3 Nd7 17. Rfc1 Nb6 18. Qa3 Bxc3 19. Rxc3 c5 20. R1c2 Bd7 21. Bh6 a4 22. Qc1 axb3 23. axb3 Bc6 24. Qe3 Ra1+ 25. Rc1 Rxc1+ 26. Rxc1 Nd7 27. Bd1 Qa5 28. f4 Qa2 29. Qc3 f6 30. Ra1 Rxb3 31. Bxb3 Qe2 32. Bd1 1-0

[Event "Nuremberg LGA Cup 3rd"]
[Site "Nuremberg"]
[Date "2006.09.08"]
[Round "2.60"]
[White "Dietl, Harald"]
[Black "Horstmann, Astrid"]
[Result "0-1"]
[WhiteElo "1578"]
[BlackElo "1951"]
[PlyCount "72"]
[EventDate "2006.09.07"]
[EventType "swiss"]
[EventRounds "7"]
[EventCountry "GER"]
[SourceTitle "EXT 2022"]
[Source "ChessBase"]
[SourceDate "2021.10.06"]
[SourceVersion "1"]
[SourceVersionDate "2021.10.06"]
[SourceQuality "1"]

1. e4 c5 2. Nf3 e6 3. d4 cxd4 4. Nxd4 a6 5. c4 Nf6 6. Bd3 d6 7. Nc3 Be7 8. 0-0 0-0 9. Be3 Qc7 10. Rc1 Nbd7 11. Bb1 Re8 12. b3 b6 13. h3 Bb7 14. f3 Rac8 15. Qe1 Qb8 16. Nce2 d5 17. cxd5 exd5 18. exd5 Nxd5 19. Bd2 Rxc1 20. Bxc1 Bc5 21. Qd1 Qe5 22. Kh1 N7f6 23. f4 Qc7 24. Ng3 Nc3 25. Bxh7+ Kxh7 26. Qc2+ Nce4 27. Bb2 Kg8 28. Ngf5 g6 29. Nh6+ Kh7 30. Nhf5 Nh5 31. Kh2 Nxf4 32. g3 Nxg3 33. Kxg3 Ne2+ 34. Kh4 Re4+ 35. Kg5 Qd8+ 36. Ne7 Bxe7+ 0-1